00653nam a2200205Ia 4500008004100000020001500041082001600056100001700072245001800089250000800107260002800115300001200143500002400155650001600179700001800195942000700213952010500220952010500325999001700430230524s9999 xx 000 0 und d a8173194998 a510.13bJAI aPawan K.Jain 0aMatric Spaces a2ND aNEW DELHIbNarosac2005 aXVI;150 aQuantity Number: 2 aMathematics a Khalil Ahmad cBK 00104070aTATCLbTATCLcGENd2023-05-24l0o510.13 JAIp6621r2023-05-24w2023-05-24yBKzBSCM2101 00104070aTATCLbTATCLcGENd2023-05-24l0o510.13 JAIp6622r2023-05-24w2023-05-24yBKzBSCM2101 c16045d16045